|
|
|
|
| LEADER |
00000nam a2200000 a 4500 |
| 001 |
vtls001418922 |
| 003 |
SK-MaSNL |
| 005 |
20260301162328.0 |
| 008 |
251113s2001 xo a r slo |
| 015 |
|
|
|a SNBA2001/11-03838
|
| 020 |
|
|
|a 8055100446
|
| 035 |
|
|
|a SNK000373729
|
| 035 |
|
|
|a urn:nbn:sk:snk-amkn96
|
| 035 |
|
|
|a urn:nbn:sk:snk-am003d9x
|
| 035 |
|
|
|a 39BDAB5A-8F6F-4682-B5D4-948A39C7FD5D
|
| 040 |
|
|
|a SNK
|b slo
|c SNK
|e AACR2
|
| 041 |
0 |
|
|a slo
|
| 044 |
|
|
|a xo
|c SK
|
| 080 |
|
|
|a 885.4-3(087.5)
|2 1981
|
| 100 |
1 |
|
|a Pavlovič, Jozef,
|d 1934-2020
|4 aut
|9 200363
|
| 245 |
1 |
0 |
|a Zajkovia Majko a Kajko
|c napísal Jozef Pavlovič ; ilustrovala Katarína Ševellová
|
| 260 |
|
|
|a Bratislava
|b Ikar
|c 2001
|
| 300 |
|
|
|a 43 s.
|b ilustr.
|c 25 cm
|
| 490 |
1 |
|
|a Lienka
|
| 500 |
|
|
|a Ilustr na tit. strane a predsádkach
|
| 650 |
0 |
7 |
|a autorské rozprávky, slovenské
|2 SNK
|9 70872
|
| 655 |
|
7 |
|a umelecká literatúra
|2 SNK
|9 60405
|
| 700 |
1 |
|
|a Ševellová-Šuteková, Katarína,
|d 1948-
|4 ill
|9 38343
|
| 830 |
|
0 |
|a Lienka
|9 286485
|
| 852 |
|
|
|a Slovenská národná knižnica
|
| 919 |
|
|
|a 80-551-0044-6
|
| 954 |
|
|
|a beletria pôvodná (slovenská)
|2 lita
|
| 958 |
|
|
|a TL
|
| 958 |
|
|
|a LX
|
| 958 |
|
|
|a DB
|
| 999 |
|
|
|c 812840
|d 814770
|
| 952 |
|
|
|t P60, <03>, [BOOK], {603}
|a SNK
|b SNK
|y PREZ
|7 0
|p 17A0312050
|o snkSC 105762
|i snkKSP 9954/2001
|0 0
|1 0
|4 0
|d 2001-08-22
|f 1
|l 0
|r 2025-09-26 00:00:00
|w 2026-02-24
|
| 952 |
|
|
|t P60, <04>, [BOOK], {604}
|a SNK
|b SNK
|y VYP
|7 0
|p 17A0312051
|o snkSC 105762 D1
|i snkKSP 9955/2001
|0 0
|1 0
|4 0
|d 2001-08-22
|l 0
|r 2005-01-02 00:00:00
|w 2026-02-24
|